| 000 | 004730000a22001450004500 | ||
|---|---|---|---|
| 003 | MACL | ||
| 005 | 20170916131521.0 | ||
| 008 | 170916b xxu||||| |||| 00| 0 eng d | ||
| 040 | _cmacl | ||
| 100 |
_aराहुल ,सांकृत्यायन _969116 |
||
| 245 | _aयात्रा के पन्ने | ||
| 260 |
_bदेहारादून _a साहित्य सदन _c1952 |
||
| 650 |
_aयात्रा _969117 |
||
| 942 |
_cHIN _k910 _2ddc |
||
| 999 |
_c25149 _d25149 |
||